Διογένους Λαερτίου βίοι φιλοσόφων

Αποθηκεύτηκε σε:
Λεπτομέρειες βιβλιογραφικής εγγραφής
Κύριος συγγραφέας: Διογένης ο Λαέρτιος, 3ος αι. μ.Χ
Άλλοι συγγραφείς: Κυργιόπουλος, Νίκος (Μεταφραστής)
Μορφή: Βιβλίο
Γλώσσα:Greek
Δημοσίευση: Αθήνα : Πάπυρος, c1975
Σειρά:Τα άπαντα των αρχαίων Ελλήνων συγγραφέων ; ; 125, 126, 127, 128
Θέματα:
Ετικέτες: Προσθήκη ετικέτας
Δεν υπάρχουν, Καταχωρήστε ετικέτα πρώτοι!

MARC

LEADER 00000nam a2200000 i 4500
001 1/40981
008 961023s1975 gre d
035 |l 10025331 
040 |a GR-MY-UA  |b gre  |e aacr 
041 0 |a gre 
082 0 |a 883.3 
100 0 |a Διογένης ο Λαέρτιος,   |d 3ος αι. μ.Χ. 
245 1 0 |a Διογένους Λαερτίου βίοι φιλοσόφων /  |c Διογένης Λαέρτιος ; Νικ. Κυργιόπουλος 
260 |a Αθήνα :   |b Πάπυρος,   |c c1975 
300 |a 4Τ, 357 σ. 
490 1 |a Τα άπαντα των αρχαίων Ελλήνων συγγραφέων  |v ; 125, 126, 127, 128 
500 |a Φυλλάδια 
650 0 0 |a Philosophers  |z Greece  |x Biography. 
650 0 0 |a Greek literature, Hellenistic. 
700 1 |a Κυργιόπουλος, Νίκος.  |4 trl 
830 0 |a Τα άπαντα των αρχαίων Ελλήνων συγγραφέων ;  |v ; 125, 126, 127, 128 
852 |a INST  |b CHIOS  |e 19961023  |h 883.3 ΔΙΟ  |p 005200011202  |q 005200011202  |t BK  |y 0 
852 |a INST  |b CHIOS  |e 19961023  |h 883.3 ΔΙΟ  |p 005200011203  |q 005200011203  |t BK  |y 0 
852 |a INST  |b CHIOS  |e 19961023  |h 883.3 ΔΙΟ  |p 005200011204  |q 005200011204  |t BK  |y 0 
852 |a INST  |b CHIOS  |e 19961023  |h 883.3 ΔΙΟ  |p 005200011205  |q 005200011205  |t BK  |y 0 
909 |a Χ  |b 047632 
909 |a Χ  |b 047633 
909 |a Χ  |b 047634 
909 |a Χ  |b 047635